书目信息 |
| 题名: |
资源海洋
|
|
| 作者: | 沈顺根 编著 | |
| 分册: | ||
| 出版信息: | 北京 海潮出版社 2004.01 |
|
| 页数: | 287页 | |
| 开本: | 20cm | |
| 丛书名: | 《海洋世界大观》丛书 | |
| 单 册: | ||
| 中图分类: | P74 | |
| 科图分类: | ||
| 主题词: | 海洋开发 , 海洋资源 , 海洋资源--海洋开发 | |
| 电子资源: | ||
| ISBN: | 7-80151-793-8 | |
| 000 | 00766nam0 2200253 450 | |
| 001 | 0531009213 | |
| 005 | 20050119083648.84 | |
| 010 | @a7-80151-793-8@dCNY19.00 | |
| 100 | @a20050119d2004 km y0chiy0120 ea | |
| 101 | 0 | @achi |
| 102 | @aCN@b110000 | |
| 200 | 1 | @a资源海洋@Azi yuan hai yang@e开发利用富饶的蓝色宝库@f沈顺根编著@Fshen shun gen bian zhu |
| 210 | @a北京@c海潮出版社@d2004.01 | |
| 215 | @a287页@d20cm | |
| 225 | 2 | @a《海洋世界大观》丛书 |
| 410 | 0 | @12001 @a《海洋世界大观》丛书 |
| 517 | 1 | @a开发利用富饶的蓝色宝库@Akai fa li yong fu rao de lan se bao ku |
| 606 | 0 | @a海洋开发 |
| 606 | 0 | @a海洋资源 |
| 606 | 0 | @a海洋资源@x海洋开发 |
| 690 | @aP74@v4 | |
| 701 | 0 | @a沈顺根@Ashen shun gen@4编著 |
| 801 | 0 | @aCN@bPFT@c20050119 |
| 905 | @aBZT@dP74@e1 | |
| 资源海洋:开发利用富饶的蓝色宝库/沈顺根编著.-北京:海潮出版社,2004.01 |
| 287页;20cm.-(《海洋世界大观》丛书) |
| ISBN 7-80151-793-8:CNY19.00 |
| ● |
| 相关链接 |
|
|
|
正题名:资源海洋
索取号:P74/1
 
预约/预借
| 序号 | 登录号 | 条形码 | 馆藏地/架位号 | 状态 | 备注 |
| 1 | 381770 | 210125951 | 中心书库中库/ 中库041架B面3列5层31/ [索取号:P74/1] | 在馆 | |
| 2 | 381771 | 210125933 | 中心书库中库/ 中库041架B面3列5层21/ [索取号:P74/1] | 在馆 | |
| 3 | 381772 | 210125942 | 中心书库中库/ 中库041架B面3列5层23/ [索取号:P74/1] | 在馆 | |
| 4 | 381773 | 210125924 | 中心书库中库/ 中库041架B面3列5层33/ [索取号:P74/1] | 在馆 | |
| 5 | 381774 | 210125915 | 中心书库中库/ 中库041架B面3列5层25/ [索取号:P74/1] | 在馆 | |
| 6 | 381775 | 210125960 | 中心书库中库/ 中库041架B面3列5层26/ [索取号:P74/1] | 在馆 | |
| 7 | 381776 | 210125899 | 中心书库中库/ 中库041架B面3列5层39/ [索取号:P74/1] | 在馆 | |
| 8 | 381777 | 210125906 | 中心书库中库/ 中库041架B面3列5层27/ [索取号:P74/1] | 在馆 | |
| 9 | 381778 | 210125880 | 中心书库中库/ 中库041架B面3列5层24/ [索取号:P74/1] | 在馆 | |
| 10 | 381779 | 210125871 | 中心书库中库/ 中库041架B面3列5层38/ [索取号:P74/1] | 在馆 | |
| 11 | 399786 | 210284477 | 中心书库中库/ 中库041架B面3列5层28/ [索取号:P74/1] | 在馆 | |
| 12 | 399787 | 210284468 | 中心书库中库/ 中库041架B面3列5层22/ [索取号:P74/1] | 在馆 | |
| 13 | 399788 | 210284459 | 中心书库中库/ 中库041架B面3列5层35/ [索取号:P74/1] | 在馆 | |
| 14 | 399789 | 210284440 | 中心书库中库/ 中库041架B面3列5层37/ [索取号:P74/1] | 在馆 | |
| 15 | 399790 | 210284431 | 中心书库中库/ 中库041架B面3列5层32/ [索取号:P74/1] | 在馆 | |
| 16 | 399791 | 210284422 | 中心书库中库/ 中库041架B面3列5层20/ [索取号:P74/1] | 在馆 | |
| 17 | 399792 | 210284413 | 中心书库中库/ 中库041架B面3列5层29/ [索取号:P74/1] | 在馆 | |
| 18 | 399793 | 210284404 | 中心书库中库/ 中库041架B面3列5层30/ [索取号:P74/1] | 在馆 | |
| 19 | 399794 | 210284388 | 中心书库中库/ 中库041架B面3列5层36/ [索取号:P74/1] | 在馆 | |
| 20 | 399795 | 210284397 | 中心书库中库/ 中库041架B面3列5层34/ [索取号:P74/1] | 在馆 |